000 00323nam a22001337a 4500
008 180903b xxu||||| |||| 00| 0 eng d
020 _a0878931260
041 _aeng
080 _a579
100 _a11
101 _aMIK
245 _aBiotechnology A Textbook Of Industrial Microbiology
_cCrueger.w
942 _2udc
_cBK
999 _c47430
_d47430